Quizzes
Events
Quiz Creation
Community
Videos
Private Events
Remove Ads
Sign In
Join for FREE
Feedback
Dark Mode
Quiz Categories
Sports
Geography
Music
Movies
Television
Just For Fun
Miscellaneous
History
Literature
Language
Science
Gaming
Entertainment
Religion
Holiday
For Kids
Quiz Lab
Recent
Popular Today
Quiz Kudos Today
Editor Picks
Curator Picks
Quizzes by...
Day
Popularity
Type
Ratings
Length
Year
Community
Subscriptions
Recent Discussions
Orange Saloon
Badges
Playlists
Quests
Create
Leaderboards
Showdown
Live 5
Trivia Bingo
Activity
Puzzle Library
Sporcle Events
Private Events
Virtual Trivia
Globe League
Become a Host
Pub Owners
SporcleCon
Opinionation
Our Games
Videos
Blog
Mobile Apps
Partnerships
Remove Ads and Go Orange
Feedback
Sports
Athletes
MLB
NBA
NHL
NFL
Soccer
Sports Teams
WWE
NCAA
Football
Premier League
Basketball
Baseball
Hockey
Golf
Tennis
Cricket
Rugby
Auto Racing
Olympics
World Cup
Sports
Athletes
MLB
NBA
NHL
NFL
Soccer
Sports Teams
WWE
NCAA
Football
Premier League
Basketball
Baseball
Hockey
Golf
Tennis
Cricket
Rugby
Auto Racing
Olympics
World Cup
Random Quiz
Search Sporcle
×
Quiz Lab
Quiz Lab
Sports
NBA
Type in answers that appear in a list
Type in answers that appear in a list
Classic
Best Score? Go Orange.
NBA Eastern Confernece Finals Champions Stats
Can you name the NBA Eastern Confernece Finals Champions?
By
RLthehammer
6m
51 Questions
58 Plays
58 Plays
58 Plays
Comments
Comments
Give Quiz Kudos
Give Quiz Kudos
-
- Ratings
hide this ad
Forced Order
Answers have to be entered in order
Answers have to be entered in order
Replay
Link that replays current quiz
Next Quiz
Link to next quiz in quiz playlist
You Got
0%
They Got
Avg Score
77%
Avg Friend Score
Upgrade to see
Score Distribution
Jump to the score distribution portion of the page
Score
0/51
Timer
06:00
0
Plays Today
Year
Winner
% Correct
2015
Cleveland Cavaliers
91.4%
2016
Cleveland Cavaliers
91.4%
2017
Cleveland Cavaliers
91.4%
1996
Chicago Bulls
89.7%
1997
Chicago Bulls
89.7%
1998
Chicago Bulls
89.7%
1987
Boston Celtics
87.9%
1988
Detriot Pistons
87.9%
1989
Detriot Pistons
87.9%
1990
Detriot Pistons
87.9%
1991
Chciago Bulls
87.9%
1992
Chicago Bulls
87.9%
1993
Chicago Bulls
87.9%
1999
New York Knicks
87.9%
2001
Philadelphia 76ers
87.9%
2004
Detriot Pistons
87.9%
2011
Miami Heat
87.9%
2012
Maimi Heat
87.9%
2013
Maimi Heat
87.9%
2014
Maimi Heat
87.9%
2018
Cleveland Cavaliers
87.5%
2019
Toronto Raptors
87.5%
1986
Boston Celtics
86.2%
2000
Inidana Pacers
86.2%
2002
New Jersey Nets
86.2%
2003
New Jersey Nets
86.2%
Year
Winner
% Correct
2006
Miami Heat
86.2%
2008
Boston Celtics
86.2%
2010
Boston Celtics
86.2%
1981
Boston Celtics
84.5%
1982
Philadelphia 76ers
84.5%
1984
Boston Celtics
84.5%
1985
Boston Celtics
84.5%
1994
New York Knicks
84.5%
1995
Orlando Magic
84.5%
2007
Cleveland Cavaliers
84.5%
2009
Orlando Magic
84.5%
2020
Miami Heat
83.3%
1974
Boston Celtics
82.8%
2005
Detriot Pistons
82.8%
1976
Boston Celtics
81%
1983
Philadelphia 76ers
81%
1972
New York Knicks
79.3%
1980
Philadephia 76ers
79.3%
1973
New York Knicks
77.6%
2021
Milwaukee Bucks
66.7%
1977
Philadelphia 76ers
65.5%
1978
Washington Bullets
63.8%
1971
Balitmore Bullets
60.3%
1979
Washington Bullets
60.3%
1975
Washington Bullets
58.6%
Quiz Playlist
Details
Report
Send in Message
Add To Playlist
Classic:
Type in answers that appear in a list
Forced Order:
Answers have to be entered in order
Last Updated: Jul 4, 2021
Quiz Scoreboard
CHALLENGE
Sign Up to Join the Scoreboard
Show All
Scores
Hide
Comments
May contain spoilers
Recently Published
Billboard Blitz: Fleetwood Mac
by CooCooCachoo
Music
15s
Presidents Visiting Landmarks
by Hejman
History
7m
An Introduction to Baseball
by treessimontrees
Sports
5m
More to Explore
Quiz From the Vault
Featured Blog Post
Where Did the Easter Bunny Come From?
hide this ad
You Might Also Like...
Tags
NBA Quiz
champion
Eastern
final
Runner
Winner
Today's Top Quizzes in Sports
Browse Sports
hide this ad
Today's Top Quizzes in NBA
Browse NBA
Top Contributed Quizzes in Sports
1
Les meilleurs buteurs des matchs entre le PSG et l’OM
2
2022 World Cup Stars
3
FIFA Club World Cup Champions
4
Les entraîneurs de l'OM et du PSG au 21e siècle
5
Name the Premier League winners with different clubs
6
5-to-1: UK Sports Teams
7
La finale Lions - Afrique du Sud 2021
8
Criteria MLB: Left Handed Sluggers
9
AFC Teams Reveal (Wrong Answers Minefield)
10
England Test cricketers to play under Nasser Hussain
Explore More
Trending Topics
Disney
Marvel
NBA
Kpop
Harry Potter
Anime
Crossword
Song
Soccer
The Office
NFL
WWE
Puzzle
Country
Pokémon
hide this ad
More By:
RLthehammer
Quiz
Plays
Rating
Category
Featured
Created
Thrash Bands
1,486
2.75
Music
Mar 30, 2012
Rock-n-Riddles 80's Edition
1,322
3.19
Music
Dec 12, 2009
Top 100 Metal Bands
1,267
2.00
Music
Dec 29, 2010
Rock-n-Riddles 90's Edition
706
3.00
Music
Dec 13, 2009
Rock-n-Riddles 70's Edition
606
4.00
Music
Jan 7, 2010
Go to Creator's Profile
Score Distribution
Quiz Creator Spotlight
RLthehammer
Follow
Send a Message
Quizzes Created
-
Created Quiz Play Count
-
More By This Creator
Popular Quizzes Today
1
Find the US States - No Outlines Minefield
2
Find the Countries of Europe - No Outlines Minefield
3
The Countries of the World
4
Find the US States
5
Popular People in 1961
6
US States
7
Risky Map Clicking: Biggest States A-Z
8
Movies - When Are They Set?
More Sports Quizzes
2018 NFL Statistical Leaders
Quiz Lab
Trending Quizzes
Risky Map Clicking: Least Populous States A-Z
1-10 Letter G Words
1-10 Letter F Words
Risky Map Clicking: Next State Alphabetically
Risky Map Clicking: Biggest States A-Z
Recently Updated
Leaping Animals
pecheneg
Reality TV Shows (A-Z)
bhenderson79
Rickey Henderson's Hall of Fame Teammates
pecheneg
Champions League XIs: Arsenal
pecheneg
Quick Pick: Celebrities in WWE's Hall of Fame
aduchscher
A-Z Keypad Blitz II
pecheneg
Multiple Oscar Actors
pecheneg
Mystery Phrase Blitz: Oscar 'Best Actors'
pecheneg
F. Scott Fitzgerald Novels
LTH
Pick 3 Villains
ddd62291
Trending Topics
NBA
Harry Potter
Kpop
Anime
Crossword
Marvel
Disney
Pokémon
Country
Soccer
WWE
NFL
Puzzle
Song
The Office
Your Account Isn't Verified!
In order to create a playlist on Sporcle, you need to verify the email address you used during registration. Go to your
Sporcle Settings
to finish the process.
Report this User
Report this user for behavior that violates our
Community Guidelines
.
Details:
Send Report
Go to the Sporcle.com Mobile Site →
Comments